Behavioral goals of general education in high school /

Bibliographic Details
Main Author: French, Will, 1889-
Corporate Author: Educational Testing Service
Format: Book
Language:English
Published: New York : Russell Sage Foundation, 1957.
Subjects:

MARC

Tag First Indicator Second Indicator Subfields
LEADER 00000cam a22000001 4500
001 in00000055002
005 20151008052140.0
008 730213s1957 nyua b 00010 eng
010 |a  57012705  
035 |a (OCoLC)00182922 
035 |9 AAH1921AM 
040 |a DLC  |c DLC  |d TXA  |d UtOrBLW 
043 |a n-us--- 
049 |a TXAM  |c 1 [283977] 
050 0 0 |a LB1607  |b .F752 
082 0 |a 373.73 
092 |a 373.73  |b F877b 
100 1 |a French, Will,  |d 1889- 
245 1 0 |a Behavioral goals of general education in high school /  |c by Will French and associates. 
264 1 |a New York :  |b Russell Sage Foundation,  |c 1957. 
300 |a 247 pages :  |b form. ;  |c 24 cm. 
336 |a text  |b txt  |2 rdacontent 
337 |a unmediated  |b n  |2 rdamedia 
338 |a volume  |b nc  |2 rdacarrier 
500 |a "The report contained in this volume represents the combined planning of representatives of six national educational agencies [Educational Testing Service and others]" 
504 |a Bibliography: pages 233-235. 
650 0 |a Education, Secondary. 
650 0 |a Education, Secondary  |x Aims and objectives. 
650 0 |a High schools  |z United States. 
710 2 |a Educational Testing Service. 
999 |a MARS 
999 f f |s 79ad76d3-5cc5-3069-b5d9-06ea2fbc7f17  |i 268bdf1e-ee01-30c8-b3f2-9378f82d7bc6  |t 0 
952 f f |p normal  |a Texas A&M University  |b College Station  |c Sterling C. Evans Library  |d Evans: Library Stacks  |t 0  |e LB1607 .F752  |h Library of Congress classification  |i unmediated -- volume  |m A14800856319 
998 f f |a LB1607 .F752  |t 0  |l Evans: Library Stacks